Vplyv inteligentného priemyslu na trh práce a vzdelávanie
Požiadavky inteligentného priemyslu na trh práce a z toho vychádzajúce potrebné štrukturálne zmeny v procese vzdelávania. Hlavné prvky inteligentného priemyslu a jeho podstata. Možnosti zvýšenia flexibility trhu práce. Hlavné bariéry v oblasti vzdelávania v kontexte digitalizácie a návrh opatrení pr...
Na minha lista:
| Autor principal: | |
|---|---|
| Formato: | Capítulo de Livro |
| Assuntos: | |
| Tags: |
Sem tags, seja o primeiro a adicionar uma tag!
|
MARC
| LEADER | 00000naa a2200000 4500 | ||
|---|---|---|---|
| 001 | 0256810 | ||
| 005 | 20220718112058.1 | ||
| 044 | |a SK | ||
| 245 | 1 | 0 | |a Vplyv inteligentného priemyslu na trh práce a vzdelávanie |c Lukáš Veteška |
| 520 | |a Požiadavky inteligentného priemyslu na trh práce a z toho vychádzajúce potrebné štrukturálne zmeny v procese vzdelávania. Hlavné prvky inteligentného priemyslu a jeho podstata. Možnosti zvýšenia flexibility trhu práce. Hlavné bariéry v oblasti vzdelávania v kontexte digitalizácie a návrh opatrení pre ich prekonanie. Aktuálna situácia v oblasti vzdelávania a pripravenosť Slovenska na nástup digitalizácie. | ||
| 610 | 2 | 0 | |a trh práce |
| 610 | 2 | 0 | |a vzdelávanie |
| 610 | 2 | 0 | |a priemysel 4.0 |
| 610 | 2 | 0 | |a reformy štruktúrne |
| 610 | 2 | 0 | |a politika zamestnanosti |
| 610 | 2 | 0 | |a digitalizácia |
| 100 | 1 | |a Veteška, Lukáš | |